Color chemistry syntheses, properties, and applications of organic dyes and pigments /

Gespeichert in:
Bibliographische Detailangaben
1. Verfasser: Zollinger, Heinrich, 1919-
Format: Buch
Sprache:Englisch
Veröffentlicht: Zurich Weinheim : Verlag Helvetica Chimica Acta Wiley-VCH, c2003.
Ausgabe:3rd, rev. ed.
Schlagworte:
Online-Zugang:Im OPAC anzeigen
Tags: Tag hinzufügen
Keine Tags, Fügen Sie das erste Tag hinzu!

MARC

LEADER 00000cam a2200000 a 4500
005 20260127134303.0
008 040512s2003 sz a b 001 0 eng
010 |a 2004-270389 
020 |a 3906390233 (acidfree paper) 
035 |a vtls008298317 
035 |a 13591164 
039 9 |y 200509201035  |z mschk03 
040 |a STUSCHK1  |b slo  |c STUSCHK1 
082 0 4 |a 667/.2  |2 22 
100 1 |a Zollinger, Heinrich,  |d 1919- 
245 1 0 |a Color chemistry  |b syntheses, properties, and applications of organic dyes and pigments /  |c Heinrich Zollinger. 
250 |a 3rd, rev. ed. 
260 |a Zurich  |b Verlag Helvetica Chimica Acta  |a Weinheim :  |b Wiley-VCH,  |c c2003. 
300 |a x, 637 p.  |b ill.  |c 25 cm. 
504 |a Includes bibliographical references and index. 
650 0 |a Dyes and dyeing  |x Chemistry. 
906 |a 7  |b cbc  |c origcop  |d 2  |e ncip  |f 20  |g y-gencatlg 
910 |a SCHK95 
919 |a 3-906390-23-3 
925 0 |a acquire  |b 2 shelf copies  |x policy default 
999 |c 8845  |d 8845